Materials handbook : an encyclopedia for managers, technical professionals, purchasing and production managers, technicians, supervisors, and foremen (Record no. 60978)

000 -LEADER
fixed length control field 00792nam a22001937a 4500
003 - CONTROL NUMBER IDENTIFIER
control field NUST-PNEC
005 - DATE AND TIME OF LATEST TRANSACTION
control field 20170116180711.0
008 - FIXED-LENGTH DATA ELEMENTS--GENERAL INFORMATION
fixed length control field 141011b xxu||||| |||| 00| 0 eng d
020 ## - INTERNATIONAL STANDARD BOOK NUMBER
International Standard Book Number 9780070070745
040 ## - CATALOGING SOURCE
Transcribing agency PNEC
082 ## - DEWEY DECIMAL CLASSIFICATION NUMBER
Classification number 620.102 BRA
100 ## - MAIN ENTRY--PERSONAL NAME
9 (RLIN) 551
Personal name Brady, George S.
245 ## - TITLE STATEMENT
Title Materials handbook : an encyclopedia for managers, technical professionals, purchasing and production managers, technicians, supervisors, and foremen
Statement of responsibility, etc. George S. Brady
260 ## - PUBLICATION, DISTRIBUTION, ETC.
Place of publication, distribution, etc. New York :
Name of publisher, distributor, etc. McGraw Hill Inc.
Date of publication, distribution, etc. c1991.
300 ## - PHYSICAL DESCRIPTION
Extent viii, 1056 pages ;
Dimensions 24 cm
500 ## - GENERAL NOTE
General note Includes Index http://www.amazon.com/Materials-Handbook-Encyclopedia-Professionals-Technicians/dp/0070070741/ref=sr_1_1?s=books&ie=UTF8&qid=1413018380&sr=1-1&keywords=9780070070745
650 ## - SUBJECT ADDED ENTRY--TOPICAL TERM
General subdivision ME
942 ## - ADDED ENTRY ELEMENTS (KOHA)
Source of classification or shelving scheme
Koha item type Book
Holdings
Withdrawn status Lost status Source of classification or shelving scheme Damaged status Not for loan Permanent Location Current Location Shelving location Date acquired Source of acquisition Cost, normal purchase price Total Checkouts Full call number Barcode Date last seen Cost, replacement price Price effective from Koha item type
          Pakistan Navy Engineering College (PNEC) Pakistan Navy Engineering College (PNEC) Reference 08/22/1992 Progressive International Agency 4118.00   620.102 BRA PNECLIB-016525 10/11/2014 4118.00 08/22/1992 Book
© 2023 Central Library, National University of Sciences and Technology. All Rights Reserved.